| Tag |
First Indicator |
Second Indicator |
Subfields |
| LEADER |
00000cam a2200000 a 4500 |
| 001 |
in00001237321 |
| 005 |
20151003062407.0 |
| 008 |
941006s1995 nju b 001 0deng |
| 010 |
|
|
|a 94040388
|
| 020 |
|
|
|a 0810829649 (v. 1 : acid-free paper)
|
| 020 |
|
|
|a 0810829657 (v. 2 : acid-free paper)
|
| 035 |
|
|
|a (OCoLC)31375955
|
| 035 |
|
|
|9 AGS7623AM
|
| 040 |
|
|
|a DLC
|c DLC
|d UtOrBLW
|
| 049 |
|
|
|a TXAM
|
| 050 |
0 |
0 |
|a ML600
|b .A76 1995
|
| 082 |
0 |
0 |
|a 786.5/09
|2 20
|
| 100 |
1 |
|
|a Arnold, Corliss Richard.
|
| 245 |
1 |
0 |
|a Organ literature :
|b a comprehensive survey /
|c by Corliss Richard Arnold.
|
| 250 |
|
|
|a 3rd ed.
|
| 264 |
|
1 |
|a Metuchen, N.J. :
|b Scarecrow Press,
|c 1995.
|
| 300 |
|
|
|a 2 volumes ;
|c 23 cm.
|
| 336 |
|
|
|a text
|b txt
|2 rdacontent
|
| 337 |
|
|
|a unmediated
|b n
|2 rdamedia
|
| 338 |
|
|
|a volume
|b nc
|2 rdacarrier
|
| 504 |
|
|
|a Includes bibliographical references (volume 1, pages 328-363) and indexes.
|
| 505 |
0 |
|
|a v. 1. Historical survey -- v. 2. Biographical catalog.
|
| 650 |
|
0 |
|a Organ music
|x History and criticism.
|
| 650 |
|
0 |
|a Organ music
|v Bibliography.
|
| 999 |
|
|
|a MARS
|
| 999 |
f |
f |
|s 5dcd08ee-7488-3253-9e0f-094befce9db3
|i 8f020bd2-2d29-3921-8793-8b8030e2c6d0
|t 0
|
| 952 |
f |
f |
|p ric
|a Texas A&M University
|b Rellis Campus
|c Joint Library Facility
|d Remote Storage
|t 0
|e ML600 .A76 1995
|h Library of Congress classification
|i unmediated -- volume
|k v.2
|m A14819525844
|
| 998 |
f |
f |
|a ML600 .A76 1995
|s v.2
|t 0
|l Remote Storage
|